000 00352nam a22001577a 4500
003 SGT
020 _a978-81-203-4555-3
082 _a658.5
_bPAN
100 _aPANNEERSELVAM, R.
245 _aPRODUCTION AND OPERATIONS MANAGEMENT
250 _a3RD
260 _aINDIA
_bPHI PUB.
_c2023
300 _a700
650 _aMANAGEMENT
942 _2ddc
_cBK
999 _c25716
_d25716